Hazrat Zolkifl (A S) bachoon kelie qasasul ambia (Record no. 325268)
[ view plain ]
| 000 -LEADER | |
|---|---|
| fixed length control field | 00217 a2200085 4500 |
| 001 - CONTROL NUMBER | |
| control field | 90195 |
| 090 ## - LOCALLY ASSIGNED LC-TYPE CALL NUMBER (OCLC); LOCAL CALL NUMBER (RLIN) | |
| -- | 42536 |
| -- | 42536 |
| 245 ## - TITLE STATEMENT | |
| Title | Hazrat Zolkifl (A S) bachoon kelie qasasul ambia |
| 260 ## - PUBLICATION, DISTRIBUTION, ETC. | |
| Place of publication, distribution, etc. | Karachi |
| Name of publisher, distributor, etc. | Children Quran Society |
| Date of publication, distribution, etc. | 2006 |
| 942 ## - ADDED ENTRY ELEMENTS (KOHA) | |
| Institution code [OBSOLETE] | NUST-CAE |
| Withdrawn status | Lost status | Damaged status | Not for loan | Collection code | Permanent Location | Current Location | Date acquired | Total Checkouts | Barcode | Date last seen | Price effective from | Koha item type |
|---|---|---|---|---|---|---|---|---|---|---|---|---|
| College of Aeronautical Engineering (CAE) | College of Aeronautical Engineering (CAE) | 04/03/2017 | CAEN-4929 | 04/05/2017 | 04/05/2017 | Book |
